000 00270nam a2200121Ia 4500
100 _aSharma/ R.P.
942 _cBK
654 _aAutomobile Engineering
245 _aAutomobile Engineering
260 _bDhanpat Rai
_aNew Delhi
_c1980
546 _aENGLISH
999 _c24418
_d24418